Franchising

Franchising predstavuje systém, ktorého podstata je založená na udelení licencie – povolenia na predaj tovarov a služieb v určitej oblasti jednou spoločnosťou, ktorá vlastní tieto práva, iným spoločnostiam. Slovo franchising má pôvod vo francúzskom slove franchise, ktoré sa používalo na označenie pr...

Descrizione completa

Salvato in:
Dettagli Bibliografici
Autore principale: Mikláš, Martin
Natura: Capitolo di libro
Lingua:slovacco
Soggetti:
Tags: Aggiungi Tag
Nessun Tag, puoi essere il primo ad aggiungerne!!

MARC

LEADER 00000naa a2200000 4500
001 0311410
005 20250703092322.8
041 0 |a slo 
044 |a SK 
245 1 0 |a Franchising  |c Martin Mikláš 
520 |a Franchising predstavuje systém, ktorého podstata je založená na udelení licencie – povolenia na predaj tovarov a služieb v určitej oblasti jednou spoločnosťou, ktorá vlastní tieto práva, iným spoločnostiam. Slovo franchising má pôvod vo francúzskom slove franchise, ktoré sa používalo na označenie práva alebo výsady v stredovekom Francúzsku, pričom išlo o formu delegovanej autority na právo podnikať za určitý poplatok alebo výmenou za službu. 
610 2 0 |a franchising 
610 2 0 |a licencie 
610 2 0 |a tovar 
610 2 0 |a služby 
610 2 0 |a zákazníci 
610 2 0 |a značky 
100 1 |a Mikláš, Martin